The Egyptian Museum, Cairo, in ten years, 1965-1975 : an exhibition held in the Museum in 1976.

Saved in:

Corporate Author: Matḥaf al-Miṣrī.

Format: Book

Language: English

Published: Cairo : The Museum, 1976.

Subjects:

Tags: Add Tag

No Tags, Be the first to tag this record!

Call Number: DT59 .C221 1976

LEADER 00840namaa2200253 4500
001 19092
003 OSt
005 20260510135431.0
008 130303s1976 ua abf c 000 0 eng d
010 |a 2002535444 
040 |c ARCE Library 
043 |a f-ua--- 
050 4 |a DT59 .C221 1976 
110 2 |6 880-01  |a Matḥaf al-Miṣrī. 
245 1 4 |a The Egyptian Museum, Cairo, in ten years, 1965-1975 :   |b an exhibition held in the Museum in 1976. 
264 1 |a Cairo :   |b The Museum,   |c 1976. 
300 |a 49 pages, xv [i.e. xix] pages of plates :   |b illustrations (some color), map ;   |c 24 cm. 
500 |a "Fourth periodical exhibition, 1976." 
610 2 0 |a Matḥaf al-Miṣrī  |v Catalogs. 
651 0 |a Egypt  |x Antiquities  |v Catalogs. 
880 2 |6 110-01/(3/r  |a متحف المصري 
901 |a reviewed 
942 |c BK  |2 lcc 
999 |c 16102  |d 16102